| 000 | 00683nam a2200193 i 4500 | ||
|---|---|---|---|
| 001 | 132670 | ||
| 003 | ES-MaACL | ||
| 005 | 20230906194226.0 | ||
| 007 | t| | ||
| 008 | 070214s1953 sp a |||| | spa d | ||
| 100 | 1 |
_aRomaszkan, Gregor de. _999274 |
|
| 245 | 1 | 3 |
_aEl equilibrio en la equitación / _cGregor de Romaszkan ; traducción íntegra del alemán por Edgar P. Bruck ; introducción y revisión técnica de Joaquín Nogueras Márquez. |
| 260 |
_aBarcelona : _bFama, _c1953. |
||
| 300 |
_a121 p. : _bil. ; _c22 cm. |
||
| 650 | 4 |
_aEquitación. _9136007 |
|
| 700 | 1 |
_aBruck, Edgar Pedro. _932059 |
|
| 700 | 1 |
_aNogueras Marquez, Joaquín. _985885 |
|
| 852 |
_aES-MaACL _jD-9113 |
||
| 999 |
_c132670 _d132670 |
||